Das Jahr 2007 - Statistiken

Allgemein
  • Dieses Quiz wurde 32 mal gespielt
  • Das Durchschnittsergebnis liegt bei 10 aus 20
Antwortstatistiken
Nachricht Antwort % Korrekt
1. Januar: Bulgarien und ________ werden 26. und 27. Mitglied der Europäischen Union. Rumänien
93%
9. März: Der Bundestag verabschiedet entgegen den Protesten der Gewerkschaften die Rente mit __ Jahren. 67
90%
9. Januar: Das ______ wird von Steve Jobs vorgestellt. iPhone
90%
30. September: ___________ gewinnt die Fußball-Weltmeisterschaft der Frauen 2007 in der Volksrepublik China. Deutschland
79%
16. Juni: In Berlin wird aus der WASG und der Linkspartei.PDS die Partei ___ _____ neu gebildet. Vorsitzende werden Oskar Lafontaine und Lothar Bisky. Die Linke
72%
23. März: In den verschiedenen Mitgliedsstaaten der EU beginnen die Feierlichkeiten und Gedenkstunden der Parlamente zum __. Jahrestag der Römischen Verträge. 50.
69%
16. November: _____ übernimmt das Lebensmittelunternehmen Plus von Tengelmann. Edeka
66%
11. Januar: In ___________ wird die Bundesregierung Gusenbauer angelobt. Österreich
62%
6. Oktober: Der Brite Jason Lewis schließt in Greenwich als erster Mensch eine Weltumrundung nur mit Muskelkraft, einschließlich Überquerung des Äquators, ab. Er war über __ Jahre auf der zurückgelegten Strecke von etwa 74.842 Kilometern unterwegs. 13
59%
7. Mai: Bundespräsident _____ ______ lehnt die Begnadigung des RAF-Mitgliedes Christian Klar ab. Horst Köhler
55%
19. Juli: Pratibha Patil wird in ______ zur Präsidentin gewählt. Indien
55%
10./17. Juni: Parlamentswahlen in __________ Frankreich
41%
7. Juli: In Lissabon, Portugal, werden die Sieben neuen __________ gekürt. Weltwunder
41%
13. Mai: Mit der Wahl zur Bremischen ____________ findet die einzige Wahl eines deutschen Landesparlamentes 2007 statt. Bürgerschaft
38%
1. Januar: _________ übernimmt als 13. EU-Land den Euro als Währung. Slowenien
34%
21. Oktober: Die Schweizer Parlamentswahlen 2007 gewinnen die rechtskonservative Partei ___ sowie die Grüne Partei der Schweiz. SVP
24%
24. November: Parlamentswahlen in __________ 2007 – die sozialdemokratische Labor Party gewinnt die Parlamentswahl. Australien
17%
2. Dezember: Russische Parlamentswahlen 2007 zur ____ der Russischen Föderation Duma
17%
13. November: Der deutsche Vizekanzler und Bundesminister für Arbeit und Soziales Franz Müntefering tritt aus familiären Gründen von seinen Ämtern zurück. Neuer Arbeitsminister wird ____ ______, neuer Vizekanzler wird Frank-Walter Steinmeier. Olaf Scholz
17%
27. Juni: Der ägyptische Kultusminister Farouk Hosny teilt versammelten Medienvertretern mit, dass eine 1903 entdeckte und unbeachtet gebliebene Mumie von Archäologen zweifelsfrei als jene der Pharaonin ___________ identifiziert ist. Hatschepsut
14%
Keine übereinstimmenden Quizze gefunden
Verteilung der Resultate
Anzahl Personen mit jedem Resultat
Perzentil nach korrekt beantworteten Fragen
Ihre Resultats-Entwicklung
Sie haben dieses Quiz noch nicht gespielt